Medios narrativos para fines terapéuticos
Guardado en:
| Autores principales: | , |
|---|---|
| Formato: | Libro |
| Lenguaje: | español |
| Publicado: |
Barcelona
Paidós
1993
|
| Edición: | 1a. ed |
| Colección: | Terapia Familiar, 56
|
| Materias: | |
| Etiquetas: |
Agregar Etiqueta
Sin Etiquetas, Sea el primero en etiquetar este registro!
|
MARC
| LEADER | 00000cam a2200000 a 4500 | ||
|---|---|---|---|
| 001 | UCM0428 | ||
| 003 | CL-VaPUC | ||
| 008 | 020301e19930000SP |||||||||||||||||spa|d | ||
| 020 | |a 9788475099255 | ||
| 082 | 0 | 4 | |a 616.891 |b WHI |2 21 |
| 100 | 0 | |a White, Michael |e author |9 467193 | |
| 700 | 0 | |a Epston, David |e author |9 467194 | |
| 245 | 1 | 0 | |a Medios narrativos para fines terapéuticos |
| 250 | |a 1a. ed | ||
| 300 | |a 222 p | ||
| 942 | |c BK | ||
| 945 | |d 20020301 00:00:00 |a cmena | ||
| 260 | |a Barcelona |b Paidós |c 1993 | ||
| 650 | 7 | |a PSICOTERAPIA |2 CL-VaPUC |9 467195 | |
| 650 | 0 | |a Relaciones interpersonales |9 307056 | |
| 650 | 0 | |a Terapia familiar |9 312193 | |
| 583 | |a last modification |c 20160530 08:15:28 |k Rodrigo Vera | ||
| 490 | 0 | |a Terapia Familiar, 56 | |
| 999 | |c 299335 |d 299333 | ||
| 952 | |0 0 |1 0 |4 0 |6 616_891000000000000_WHI_1993 |7 0 |8 A |9 355816 |a BIBEDU |b BIBEDU |c ES_NOD |d 2019-11-21 |i 3791270 |o 616.891 WHI 1993 |p 3791270 |r 2023-08-09 |w 2019-11-21 |y BK |k PSI | ||
| 952 | |0 0 |1 0 |4 0 |6 616_891000000000000_WHI_1993 |7 0 |8 A |9 355817 |a BIBEDU |b BIBEDU |c ES_NOD |d 2019-11-21 |i 4450140 |l 10 |m 3 |o 616.891 WHI 1993 |p 4450140 |r 2025-05-02 |s 2025-04-24 |w 2019-11-21 |y BK |k PSI | ||
| 952 | |0 0 |1 0 |3 erb |4 0 |6 616_891000000000000_WHI_1993 |7 0 |8 A |9 355818 |a BIBGIM |b BIBGIM |i 5285917 |l 5 |m 2 |o 616.891 WHI 1993 |p 5285917 |r 2025-01-15 |s 2024-11-14 |w 2019-11-21 |y BK |z Catalogado en:20160512 |k SSL | ||
| 952 | |0 0 |1 1 |2 ddc |3 erb |4 0 |6 616_891000000000000_WHI_1993 |7 0 |8 A |9 355819 |a BIBGIM |b BIBGIM |i 5285909 |l 1 |o 616.891 WHI 1993 |p 5285909 |r 2023-03-23 |s 2020-03-19 |w 2019-11-21 |y BK |z Catalogado en:20160512 |k SSL | ||
| 952 | |0 0 |1 0 |3 erb |4 0 |6 616_891000000000000_WHI_1993 |7 0 |8 A |9 355820 |a BIBGIM |b BIBGIM |i 5290147 |l 3 |o 616.891 WHI 1993 |p 5290147 |r 2025-01-15 |s 2024-11-15 |w 2019-11-21 |y BK |z Catalogado en:20160603 |k SSL | ||